مكتبة جامعة عجلون الوطنية

فهرس بحث المكتبة

العزو السببي لدى الطلبة ذوي صعوبات التعلم، وعلاقته بمستوى الطموح، والسلوك الفوضوي لديهم = The Causal Attribution of Students with learning Disabilities and its Relation to the level of Ambition and Disruptive Behavior / (Record no. 33273)

MARC details
000 -LEADER
fixed length control field 01017nam a22001817a 4500
003 - CONTROL NUMBER IDENTIFIER
control field JO-AjAnu
005 - DATE AND TIME OF LATEST TRANSACTION
control field 20240630105205.0
008 - FIXED-LENGTH DATA ELEMENTS--GENERAL INFORMATION
fixed length control field 231211b jo ||||| |||| 00| 0 ara d
040 ## - CATALOGING SOURCE
Language of cataloging ara
Transcribing agency JO-AjAnu
Modifying agency ANU
100 ## - MAIN ENTRY--PERSONAL NAME
Personal name الزيدات، آلاء إبراهيم
9 (RLIN) 64914
Relator term معد
245 ## - TITLE STATEMENT
Title العزو السببي لدى الطلبة ذوي صعوبات التعلم، وعلاقته بمستوى الطموح، والسلوك الفوضوي لديهم = The Causal Attribution of Students with learning Disabilities and its Relation to the level of Ambition and Disruptive Behavior /
Statement of responsibility, etc. اعداد آلاء إبراهيم الزيدات ؛ اشراف خالد احمد عبيدات
260 ## - PUBLICATION, DISTRIBUTION, ETC.
Date of publication, distribution, etc. 2023
300 ## - PHYSICAL DESCRIPTION
Extent 122 ورقه
500 ## - GENERAL NOTE
General note رساله جامعية (ماجستير) - جامعة عجلون الوطنية، 2023<br/>تحتوي على جداول
650 ## - SUBJECT ADDED ENTRY--TOPICAL TERM
Form subdivision علم النفس التربوي-سلوك-تعديل
700 ## - ADDED ENTRY--PERSONAL NAME
Personal name خالد احمد عبيدات
9 (RLIN) 64886
Relator term مشرف
942 ## - ADDED ENTRY ELEMENTS (KOHA)
Source of classification or shelving scheme Library of Congress Classification
Koha item type Thesis
Suppress in OPAC No
Holdings
Withdrawn status Lost status Source of classification or shelving scheme Damaged status Not for loan Home library Current library Date acquired Total Checkouts Full call number Barcode Date last seen Price effective from Koha item type
    Library of Congress Classification     مكتبة جامعة عجلون الوطنية مكتبة جامعة عجلون الوطنية 30/06/2024   LC4801.5.2023 A29754 11/12/2023 30/06/2024 Thesis
    Library of Congress Classification     مكتبة جامعة عجلون الوطنية مكتبة جامعة عجلون الوطنية 11/12/2023   LC4801.5.2023 A29753 11/12/2023 11/12/2023 Thesis